Normale Ansicht MARC-Ansicht ISBD

Ich bin dein Märchen (Titelsatznr. 60989)

[ MARC ]
MARC-Details
000 -Satzkennung
Kontrollfeld mit fester Länge 00500nam a22001577a 4500
005 - Datum und Zeit der letzten Transaktion
Kontrollfeld 20201124135930.0
008 - Feld mit fester Länge zur physischen Beschreibung - Allgemeine Angaben
Kontrollfeld mit fester Länge 201124b ||||| |||| 00| 0 eng d
020 ## - Internationale Standardbuchnummer
Internationale Standardbuchnummer 978-3-939960-06-5
040 ## - Katalogisierungsquelle
Übertragungsstelle STAFF
Bearbeitungsstelle STAFF
100 ## - Haupteintragung - Personenname
Koha-Normdatenidentnummer 7
Personenname Pröger, Wilfried
245 ## - Titel
Titel Ich bin dein Märchen
Zusatz zum Titel "Du-Märchen" - Märchen, die stark machen und Selbstvertrauen geben
Verfasserangabe etc. Wilfried Pröger
260 ## - Publikation, Vertrieb usw.
Name des Verlags, des Vertriebs etc. versos VerlagsService
Erscheinungsjahr, Vertriebsjahr etc. [2010]
300 ## - Physische Beschreibung
Umfang 36 Seiten
942 ## - Zusätzliche Felder (Koha)
Klassifikation oder Aufstellungssystematik Andere/Generische Klassifikation
Koha-Medientyp Monographien
Exemplare
Ausgeschieden Verloren Klassifikation oder Aufstellungssystematik Beschädigt Nicht entleihbar Heimatbibliothek Aufenthaltsbibliothek Aufstellungsort Erwerbungsdatum Kodierter Standort-Qualifier Anzahl Ausleihen Signatur Letzte Aktivität Exemplarnummer Preis gültig von Koha-Medientyp
    Andere/Generische Klassifikation     Stadtarchiv Frankfurt (Oder) | Archivbibliothek Stadtarchiv Frankfurt (Oder) | Archivbibliothek Magazin 24/11/2020 M   II: 4929 24/11/2020 137/2020 24/11/2020 Monographien